| 000 | 01377nam a2200349 a 4500 | ||
|---|---|---|---|
| 001 | ebr10627247 | ||
| 003 | CaPaEBR | ||
| 006 | m u | ||
| 007 | cr cn||||||||| | ||
| 008 | 101228s2010 enk sb 001 0 eng d | ||
| 010 | _z 2010284521 | ||
| 020 | _z9780719082443 (hbk.) | ||
| 020 | _z0719082447 (hbk.) | ||
| 020 | _z9781847793515 (e-book) | ||
| 040 |
_aCaPaEBR _cCaPaEBR |
||
| 035 | _a(OCoLC)808598808 | ||
| 050 | 1 | 4 |
_aPN3352.T5 _bT36 2010eb |
| 082 | 0 | 4 |
_a809.9338 _222 |
| 100 | 1 | _aTambling, Jeremy. | |
| 245 | 1 | 0 |
_aOn anachronism _h[electronic resource] / _cJeremy Tambling. |
| 260 |
_aManchester ; _aNew York : _bManchester University Press ; _aNew York : _bDistributed in the U.S. exclusively by Palgrave Macmillan, _c2010. |
||
| 300 | _aviii, 184 p. | ||
| 504 | _aIncludes bibliographical references and index. | ||
| 533 |
_aElectronic reproduction. _bPalo Alto, Calif. : _cebrary, _d2011. _nAvailable via World Wide Web. _nAccess may be limited to ebrary affiliated libraries. |
||
| 650 | 0 | _aTime in literature. | |
| 650 | 0 | _aSpace and time in literature. | |
| 650 | 0 | _aOntology in literature. | |
| 650 | 0 | _aOther (Philosophy) in literature. | |
| 655 | 7 |
_aElectronic books. _2local |
|
| 710 | 2 | _aebrary, Inc. | |
| 856 | 4 | 0 |
_uhttp://site.ebrary.com/lib/rucke/Doc?id=10627247 _zAn electronic book accessible through the World Wide Web; click to view |
| 999 |
_c50327 _d50327 |
||